A Quiz About Capitalism - Statistics

General Stats
  • This quiz has been taken 33 times
  • The average score is 9 of 16
Answer Stats
Hint Answer % Correct
Year of Wall Street Crash that triggered Great Depression 1929
90%
German philosopher who critiqued capitalism in "Das Kapital" Karl Marx
90%
Scottish economist who wrote "The Wealth of Nations" Adam Smith
81%
Country with highest number of billionaires United States
81%
Any of the four countries classified as the original Asian Tigers Hong Kong | Singapore | South Korea | Taiwan
74%
Famous banking family in Renaissance Italy House of {Medici}
68%
Term describing global economic slowdown after financial meltdown Recession
65%
Event that accelerated global capitalism during 19th century Industrial Revolution
61%
Market structure with single seller Monopoly
61%
Concept describing power held by few wealthy individuals Oligarchy
58%
Person who said "Capitalists will sell us rope with which we will hang them." Vladimir Lenin
58%
Financial practice of investing in high-risk startups {Venture} capitalism
55%
Currency used in Kuwait Dinar
39%
Situation of extremely rapid price increases Hyperinflation
35%
Organization regulating international trade for capitalist countries World Trade Organization
26%
Author of Bitcoin whitepaper Satoshi Nakamoto
3%
No matching quizzes found
Score Distribution
Percent of People with Each Score
Percentile by Number Answered
Your Score History
You have not taken this quiz